The international art markets (Record no. 110233)
[ view plain ]
| 000 -LEADER | |
|---|---|
| fixed length control field | 01540cdm a22002415a 4500 |
| 001 - CONTROL NUMBER | |
| control field | 148804 |
| 008 - FIXED-LENGTH DATA ELEMENTS--GENERAL INFORMATION | |
| fixed length control field | 091111s2008 xxk f 000 0 eng d |
| 020 ## - INTERNATIONAL STANDARD BOOK NUMBER | |
| International Standard Book Number | 9780749454890 |
| 035 ## - SYSTEM CONTROL NUMBER | |
| System control number | (Sirsi) u148804 |
| 041 0# - LANGUAGE CODE | |
| Language code of text/sound track or separate title | eng |
| 050 04 - LIBRARY OF CONGRESS CALL NUMBER | |
| Classification number | 706.8 |
| 245 04 - TITLE STATEMENT | |
| Title | The international art markets |
| Remainder of title | the essential guide for collectors and investors |
| Medium | [electronic resource] |
| 260 ## - PUBLICATION, DISTRIBUTION, ETC. | |
| Place of publication, distribution, etc. | London |
| Name of publisher, distributor, etc. | Kogan Page |
| Date of publication, distribution, etc. | 2008 |
| 300 ## - PHYSICAL DESCRIPTION | |
| Extent | eBook |
| 520 ## - SUMMARY, ETC. | |
| Summary, etc. | "The International Art Markets" shows like no other book the huge scope for diversification within that market. In 43 chapters, written by 58 mostly locally-based experts from the art trade, it covers 21 countries from Europe, 12 from Asia and Australasia, five from South America, four from the Middle East and Africa, and two from North America. It deliberately gives equal weighting to each art market, despite the predominance of the USA and Britain. Each chapter provides the following essential information you need to understand the market in each country: art market history including taste, fashion, value, artists, art types, subjects, sales, prices and records; market structure and performance including auctioneers, dealers, trade associations, museums, exhibitions, fairs, training and education; and tax and regulation. |
| 590 ## - LOCAL NOTE (RLIN) | |
| Local note | ka |
| 650 24 - SUBJECT ADDED ENTRY--TOPICAL TERM | |
| Topical term or geographic name entry element | EBOOK |
| 651 #4 - SUBJECT ADDED ENTRY--GEOGRAPHIC NAME | |
| Geographic name | ENGLAND AND WALES |
| 690 ## - LOCAL SUBJECT ADDED ENTRY--TOPICAL TERM (OCLC, RLIN) | |
| Topical term or geographic name as entry element | Art and antiques |
| 700 1# - ADDED ENTRY--PERSONAL NAME | |
| Personal name | Goodwin, James |
| Relator term | Editor |
| 856 48 - ELECTRONIC LOCATION AND ACCESS | |
| Uniform Resource Identifier | <a href="https://www.vlebooks.com/">https://www.vlebooks.com/</a> |
| Public note | View on VLEbooks. Logins for members only from [email protected] |
| 942 ## - ADDED ENTRY ELEMENTS (KOHA) | |
| Suppress in OPAC | 0 |
| Withdrawn status | Lost status | Source of classification or shelving scheme | Damaged status | Not for loan | Home library | Current library | Shelving location | Date acquired | Total Checkouts | Full call number | Barcode | Date last seen | Copy number | Price effective from | Koha item type |
|---|---|---|---|---|---|---|---|---|---|---|---|---|---|---|---|
| Dewey Decimal Classification | Virtual | Virtual | Online | 11/11/2009 | EBOOK | EBOOK | 06/08/2019 | 1 | 06/08/2019 | Book |